000 00725nam a22002657a 4500
003 UA-OsUOA
001 26505
007 ta
008 20040604b un ||||| |||| 00| 0 ukr d
100 _aНестеренко Б.А.
700 _aЛяпин В.Г.
090 _a531
_bН56
942 _cBK
040 _aUA-OsUOA
_brus
_cUA-OsUOA
_dUA-OsUOA
245 _aФазовые переходы в свободных гранях и межфазных границах в полупроводниках
300 _a152 с.
955 _a0
041 _arus
080 _a531
020 _a5-12-000532-2
260 _aКиев
_bНаукова думка
_c1990
044 _aUA
650 7 _2UDC
999 _c312830
_d312830